[Event "NRW-ch op Seniors 14th"]
[Site "Beverungen"]
[Date "2003.06.22"]
[Round "9.14"]
[White "Binewitsch, Michael"]
[Black "Grosser, Dietmar"]
[Result "1/2-1/2"]
[WhiteElo "1790"]
[BlackElo "1603"]
[PlyCount "66"]
[EventDate "2003.06.14"]
[EventType "swiss"]
[EventRounds "9"]
[EventCountry "GER"]
[SourceTitle "EXT 2004"]
[Source "ChessBase"]
[SourceDate "2003.11.25"]
[SourceVersion "1"]
[SourceVersionDate "2003.11.25"]
[SourceQuality "1"]

1. d4 Nf6 2. Nf3 g6 3. Bf4 Bg7 4. h3 0-0 5. Nbd2 d6 6. e3 Bf5 7. Be2 Nbd7 8. 0-0 c5 9. Nh4 Be6 10. c3 Rc8 11. Bd3 cxd4 12. exd4 a6 13. Nhf3 b5 14. Rc1 Nb6 15. a3 Qd7 16. Re1 Nc4 17. Nxc4 bxc4 18. Bb1 Rb8 19. Qe2 Rb6 20. Ng5 d5 21. Rcd1 h6 22. Nf3 Qb7 23. Rd2 Nh5 24. Bh2 Re8 25. a4 a5 26. Nh4 Qd7 27. Nxg6 fxg6 28. Bxg6 Nf6 29. Bxe8 Nxe8 30. Ra1 Nf6 31. Qe3 Ne4 32. Re2 Ng5 33. Bf4 Nxh3+ 1/2-1/2

[Event "NRW-ch op Seniors 14th"]
[Site "Beverungen"]
[Date "2003.06.19"]
[Round "6.17"]
[White "Grosser, Dietmar"]
[Black "Bungter, Hans"]
[Result "1-0"]
[WhiteElo "1603"]
[BlackElo "1670"]
[PlyCount "115"]
[EventDate "2003.06.14"]
[EventType "swiss"]
[EventRounds "9"]
[EventCountry "GER"]
[SourceTitle "EXT 2004"]
[Source "ChessBase"]
[SourceDate "2003.11.25"]
[SourceVersion "1"]
[SourceVersionDate "2003.11.25"]
[SourceQuality "1"]

1. Nf3 Nf6 2. c4 c5 3. g3 b6 4. Bg2 Bb7 5. 0-0 e6 6. b3 Be7 7. Bb2 0-0 8. d3 d5 9. cxd5 exd5 10. d4 Nc6 11. e3 Rc8 12. Nbd2 Nb4 13. a3 Nd3 14. Qb1 Nxb2 15. Qxb2 c4 16. Qc3 b5 17. Rfc1 Bd6 18. bxc4 bxc4 19. Rab1 Rb8 20. Ne1 Qe7 21. Nc2 Rfc8 22. Rb5 Bc6 23. Rxb8 Bxb8 24. Rb1 Bd6 25. Nb4 Bxb4 26. Rxb4 Ba8 27. Nb1 Qc7 28. Rb5 Rb8 29. Qb4 Rxb5 30. Qxb5 Qb7 31. Nc3 Qxb5 32. Nxb5 Kf8 33. Kf1 a6 34. Nc3 Ke7 35. h3 Kd6 36. Ke2 Ne8 37. e4 dxe4 38. Nxe4+ Bxe4 39. Bxe4 h6 40. Bb7 a5 41. Kd2 Kc7 42. Bd5 Nd6 43. Kc3 Nb5+ 44. Kxc4 Nxa3+ 45. Kc5 g6 46. Be4 Kd7 47. d5 Kc7 48. d6+ Kd8 49. Bc6 g5 50. Kd5 f5 51. Ke5 Nc4+ 52. Ke6 f4 53. g4 Nb6 54. Kf6 Nd7+ 55. Kg7 Ne5 56. Bb5 Kc8 57. Kf6 Nd7+ 58. Ke7 1-0